[Event "IX EICC T/B Medals"]
[Site "Plovdiv BUL"]
[Date "2008.05.03"]
[Round "1.2"]
[White "Kryvoruchko,Y"]
[Black "Nyback,T"]
[Result "1/2-1/2"]
[WhiteElo "2612"]
[BlackElo "2587"]
[EventDate "2008.05.03"]

1. e4 e5 2. Nf3 Nc6 3. Bb5 a6 4. Ba4 Nf6 5. O-O Be7 6. Re1 b5 7. Bb3 d6 8.
c3 O-O 9. h3 Na5 10. Bc2 d5 11. exd5 e4 12. Bxe4 Nxe4 13. Rxe4 Bb7 14. d4
Re8 15. Nbd2 Qxd5 16. Re1 Rad8 17. Nf1 c5 18. Ne3 Qh5 19. d5 Nc4 20. Nxc4
bxc4 21. Re5 Qg6 22. Qe2 Kf8 23. Qxc4 f6 24. Re1 Bxd5 25. Qg4 Qf7 26. b3 f5
27. Qg3 Bf6 28. Ne5 Qh5 29. Be3 Kg8 30. Bf4 Be4 31. Nc4 Rd3 32. Re3 Rxe3
33. Bxe3 Bxc3 34. Rc1 Bd4 35. Bxd4 cxd4 36. Nd6 Rd8 37. f3 d3 38. Qe5 Qg6
39. Nxe4 fxe4 40. Qxe4 d2 41. Rd1 Qb6+ 42. Kh2 Qd6+ 43. Kg1 h6 44. Qc4+ Kh8
45. Qe2 Qd4+ 46. Kh2 Kh7 47. Qe4+ Qxe4 48. fxe4 Kg6 49. Kg3 Kf6 50. Kf4 Rd3
51. e5+ Ke6 52. Ke4 Rd5 53. Ke3 Rxe5+ 54. Kxd2 Ra5 55. a4 Rg5 56. Re1+ Kd5
57. Re2 Rg3 58. Kc2 Kc5 59. Kb2 a5 60. Ka3 Kb6 61. Re6+ Kb7 62. Re5 Kb6 63.
Re2 Kc6 64. Kb2 Kc5 65. Kc2 Kc6 66. Re6+ Kb7 67. Re2 Kb6 68. Kb2 Ka6 69.
Ka2 Kb6 70. Rc2 Ka6 71. Rb2 Kb6 72. b4 axb4 73. Rxb4+ Ka5 74. Rb2 Kxa4 75.
Kb1 Rb3 76. Kc2 Rxb2+ 77. Kxb2 Kb4 78. Kc2 Kc4 79. Kd2 Kd4 80. Ke2 Ke4 81.
Kf2 Kf4 82. Kg1 Kg3 83. Kh1 g5 84. Kg1 h5 85. Kh1 Kf2 86. Kh2 g4 87. hxg4
hxg4 88. Kh1 g3 1/2-1/2

[Event "IX EICC T/B Medals"]
[Site "Plovdiv BUL"]
[Date "2008.05.03"]
[Round "1.3"]
[White "Kryvoruchko,Y"]
[Black "Nyback,T"]
[Result "0-1"]
[WhiteElo "2612"]
[BlackElo "2587"]
[EventDate "2008.05.03"]

1. e4 e5 2. Nf3 Nc6 3. Bb5 a6 4. Ba4 Nf6 5. O-O Be7 6. Bxc6 dxc6 7. d3 Bg4
8. h3 Bxf3 9. Qxf3 Qd7 10. Nd2 Qe6 11. a4 Nd7 12. Nc4 O-O-O 13. Qg4 Qxg4
14. hxg4 h5 15. g5 h4 16. f4 exf4 17. Rxf4 Rdf8 18. Rg4 h3 19. Bf4 hxg2 20.
Kxg2 Nc5 21. a5 Ne6 22. Be3 Rh5 23. g6 f5 24. exf5 Rfxf5 25. Re1 Kd7 26.
Bd2 Bf6 27. b4 Nd4 28. c3 Nf3 29. Rd1 Nxd2 30. Nxd2 Rhg5 31. Rxg5 Rxg5+ 32.
Kf3 Rxg6 33. Ne4 Be7 34. Rh1 Rh6 35. Rg1 g6 36. Rg3 Ke6 37. Kg4 Rh4+ 38.
Kf3 Kf7 39. d4 Rh5 40. Nf2 b6 41. axb6 cxb6 42. Nd3 Bd6 43. Rg2 a5 44. bxa5
Rxa5 45. Ke4 Ra3 46. Rf2+ Ke6 47. c4 Ra4 48. Rc2 b5 49. cxb5 cxb5 50. Rc6
Kd7 51. Rb6 b4 52. Kd5 Ra5+ 53. Nc5+ Bxc5 54. dxc5 Kc7 55. Rxg6 b3 56. Rg7+
Kc8 57. Kc6 Ra6+ 58. Kb5 b2 59. Rg1 Ra1 60. Rg8+ Kd7 61. Rg7+ Ke6 0-1

[Event "IX EICC T/B Medals"]
[Site "Plovdiv BUL"]
[Date "2008.05.03"]
[Round "2.1"]
[White "Volkov,Sergey1"]
[Black "Nyback,T"]
[Result "1/2-1/2"]
[WhiteElo "2633"]
[BlackElo "2587"]
[EventDate "2008.05.03"]

1. d4 Nf6 2. c4 c5 3. d5 e6 4. Nc3 exd5 5. cxd5 d6 6. Nf3 g6 7. Nd2 Bg7 8.
e4 O-O 9. Be2 Na6 10. O-O Re8 11. Re1 Nc7 12. a4 b6 13. Qc2 Rb8 14. Rb1 Ba6
15. Nb5 Bxb5 16. axb5 Qd7 17. Qd3 a6 18. bxa6 b5 19. Ra1 Rb6 20. a7 Ra8 21.
e5 dxe5 22. Ne4 Nxe4 23. Qxe4 Ra6 24. Be3 R8xa7 25. Rad1 Ra4 26. Qc2 Na6
27. d6 Qc6 28. b3 Rb4 29. Ra1 e4 30. Ra2 Rd7 31. Rxa6 Qxa6 32. Bxc5 Qc6 33.
Rc1 Rd4 34. Bxd4 Qxc2 35. Rxc2 Bxd4 36. Rc6 Be5 37. Bxb5 Rxd6 38. Rxd6
1/2-1/2

[Event "IX EICC T/B Medals"]
[Site "Plovdiv BUL"]
[Date "2008.05.03"]
[Round "2.1"]
[White "Baklan,V"]
[Black "Tregubov,P"]
[Result "1/2-1/2"]
[WhiteElo "2647"]
[BlackElo "2629"]
[EventDate "2008.05.03"]

1. e4 c5 2. Nf3 Nc6 3. Bb5 Nf6 4. Nc3 g6 5. Bxc6 bxc6 6. O-O Bg7 7. Re1 O-O
8. e5 Nd5 9. Nxd5 cxd5 10. d4 d6 11. h3 Rb8 12. Bg5 Re8 13. Rb1 Bf5 14. Qd2
Be4 15. exd6 Bxf3 16. Bxe7 Qd7 17. dxc5 Be4 18. f3 Bf5 19. Qxd5 Rbc8 20. b4
Bxc2 21. Rbc1 Ba4 22. Rc4 Bc6 23. Qd2 Bf8 24. Bxf8 Rxe1+ 25. Qxe1 Rxf8 26.
Rc3 Re8 27. Re3 Rxe3 28. Qxe3 Qe6 29. Qd3 Qe1+ 1/2-1/2

[Event "IX EICC T/B Medals"]
[Site "Plovdiv BUL"]
[Date "2008.05.03"]
[Round "2.1"]
[White "Vachier Lagrave,M"]
[Black "L'Ami,E"]
[Result "1-0"]
[WhiteElo "2632"]
[BlackElo "2600"]
[EventDate "2008.05.03"]

1. e4 c6 2. d4 d5 3. e5 Bf5 4. Nf3 e6 5. Be2 Nd7 6. O-O Ne7 7. Nbd2 c5 8.
dxc5 Nc6 9. Nb3 Bg4 10. Nfd4 Bxe2 11. Qxe2 Nxc5 12. Be3 Nxb3 13. Nxc6 bxc6
14. axb3 Qc7 15. Qg4 g6 16. Ra6 Bg7 17. Qa4 Bxe5 18. Rxc6 Qd7 19. Bc5 Bf6
20. Re1 Be7 21. Rc7 1-0

[Event "IX EICC T/B Medals"]
[Site "Plovdiv BUL"]
[Date "2008.05.03"]
[Round "2.2"]
[White "Nyback,T"]
[Black "Volkov,Sergey1"]
[Result "0-1"]
[WhiteElo "2587"]
[BlackElo "2633"]
[EventDate "2008.05.03"]

1. d4 d5 2. c4 c6 3. Nc3 Nf6 4. e3 a6 5. Nf3 b5 6. c5 g6 7. Bd3 a5 8. Bd2
Bf5 9. Qc2 Bxd3 10. Qxd3 Bg7 11. O-O O-O 12. a3 Nbd7 13. b4 axb4 14. axb4
Qc7 15. e4 dxe4 16. Nxe4 Nd5 17. Rfe1 Rfd8 18. Ra3 Nf8 19. Rxa8 Rxa8 20. h4
Ra4 21. Nc3 Nxc3 22. Bxc3 Ra3 23. Qc2 Ne6 24. Bb2 Ra4 25. Qb3 Nf4 26. Ra1
Rxa1+ 27. Bxa1 Qa7 28. Bb2 Nd5 29. Ne1 Qa4 30. Qxa4 bxa4 31. Nc2 f5 32. Kf1
Kf7 33. Ke2 Ke6 34. g3 f4 35. Kf3 fxg3 36. fxg3 Bh6 37. Ke4 Bd2 38. Ba3 h5
39. Kf3 Nc3 40. Bb2 Kd5 41. Ne3+ Bxe3 42. Bxc3 Bxd4 0-1

[Event "IX EICC T/B Medals"]
[Site "Plovdiv BUL"]
[Date "2008.05.03"]
[Round "2.2"]
[White "Tregubov,P"]
[Black "Baklan,V"]
[Result "1/2-1/2"]
[WhiteElo "2629"]
[BlackElo "2647"]
[EventDate "2008.05.03"]

1. d4 Nf6 2. Nf3 e6 3. c4 b6 4. g3 Ba6 5. Nbd2 Bb7 6. Bg2 c5 7. e4 cxd4 8.
O-O Qc8 9. Re1 d6 10. Nxd4 Be7 11. a4 O-O 12. a5 Na6 13. N2b3 Nd7 14. Bf4
Ne5 15. Rc1 Nb4 16. Bf1 Qd8 17. axb6 axb6 18. Qd2 Ra4 19. Ra1 Rxa1 20. Rxa1
Na6 21. Qe2 Qc8 22. Nb5 Nb4 23. N3d4 Nbc6 24. Bxe5 Nxe5 25. b3 Nc6 26. Nxc6
Bxc6 27. Na7 1/2-1/2

[Event "IX EICC T/B Medals"]
[Site "Plovdiv BUL"]
[Date "2008.05.03"]
[Round "2.2"]
[White "Grachev,B"]
[Black "Movsesian,S"]
[Result "0-1"]
[WhiteElo "2610"]
[BlackElo "2695"]
[EventDate "2008.05.03"]

1. d4 Nf6 2. Nf3 g6 3. c4 Bg7 4. g3 O-O 5. Bg2 d6 6. Nc3 Nbd7 7. O-O e5 8.
e4 c6 9. h3 Qa5 10. Qc2 exd4 11. Nxd4 Nb6 12. Nce2 Re8 13. b3 d5 14. exd5
cxd5 15. Be3 dxc4 16. bxc4 Bd7 17. Nb3 Qa4 18. Rac1 Bf5 19. Qd2 Nxc4 20.
Qd4 Qxa2 21. Rxc4 Qxb3 22. Nc1 Qb6 23. Qh4 Qe6 24. Rc7 Nd5 25. Rxb7 Nxe3
26. fxe3 Qxe3+ 27. Kh2 Rac8 28. Qa4 Be5 29. Rb3 Qd4 30. Rb4 Qd6 31. Rb3 Bc2
32. Ne2 Bxb3 33. Qxb3 Re7 34. Nf4 Bxf4 35. Rxf4 Qe5 36. h4 Kg7 37. Qd1 Rc3
38. Qd2 Qe3 0-1

[Event "IX EICC T/B Medals"]
[Site "Plovdiv BUL"]
[Date "2008.05.03"]
[Round "2.2"]
[White "L'Ami,E"]
[Black "Vachier Lagrave,M"]
[Result "1/2-1/2"]
[WhiteElo "2600"]
[BlackElo "2632"]
[EventDate "2008.05.03"]

1. Nf3 Nf6 2. c4 g6 3. Nc3 Bg7 4. e4 c5 5. d4 cxd4 6. Nxd4 Nc6 7. Be3 O-O
8. Be2 d6 9. O-O Bd7 10. Qd2 Nxd4 11. Bxd4 Bc6 12. f3 Nd7 13. Be3 a5 14. b3
Nc5 15. Rab1 f5 16. exf5 Rxf5 17. f4 e6 18. Bg4 Rf8 19. Bxc5 dxc5 20. Bxe6+
Kh8 21. Bd5 Qf6 22. Ne4 Qd4+ 23. Qxd4 Bxd4+ 24. Kh1 Bd7 25. Bxb7 Rab8 26.
Bd5 a4 27. Nd6 axb3 28. Rxb3 Rxb3 29. axb3 Rf6 30. Ne4 Rb6 31. Rb1 Bf5 32.
g3 Ra6 33. Re1 h6 34. Nd2 Bc3 35. Re8+ Kg7 36. Nf3 Ra1+ 37. Kg2 Ra2+ 38.
Kg1 Rb2 39. Re3 Rxb3 40. Kf2 Bg4 41. Nd2 Ra3 42. Kg2 Ra2 43. Rxc3 Rxd2+ 44.
Kg1 Rd1+ 45. Kf2 Rd2+ 46. Ke3 Rxh2 47. Ra3 Re2+ 48. Kd3 Re7 49. Ra5 Bf5+
50. Kd2 Rc7 51. Ke3 g5 52. Ra6 Re7+ 53. Kf3 g4+ 54. Kf2 Bd3 55. Be6 h5 56.
Rd6 Be4 57. f5 Kf6 58. Bc8+ Ke5 59. Rh6 Rc7 60. Re6+ Kd4 61. Re8 Ra7 62.
Rd8+ Ke5 63. Rd2 Ra3 64. Re2 Rf3+ 65. Ke1 1/2-1/2

[Event "IX EICC T/B Medals"]
[Site "Plovdiv BUL"]
[Date "2008.05.03"]
[Round "2.3"]
[White "Baklan,V"]
[Black "Tregubov,P"]
[Result "1-0"]
[WhiteElo "2647"]
[BlackElo "2629"]
[EventDate "2008.05.03"]

1. e4 c5 2. Nf3 Nc6 3. c3 Nf6 4. e5 Nd5 5. Na3 d6 6. exd6 e5 7. Qb3 Nb6 8.
Nc4 Bxd6 9. Nxb6 Qxb6 10. Qc2 O-O 11. Be2 Bd7 12. Ng5 g6 13. O-O Rae8 14.
d3 Bb8 15. Be3 Qd8 16. Nf3 f5 17. Bxc5 Rf7 18. Nd2 Qc7 19. g3 Nd8 20. Ba3
Ne6 21. Nc4 Qc6 22. f3 b5 23. Nd2 a5 24. Qb3 Ba7+ 25. Kh1 Qb7 26. Rae1 Bc6
27. Kg2 g5 28. Bd6 g4 29. Bxe5 Nc5 30. Qd1 Rxe5 31. d4 Rxe2+ 32. Rxe2 gxf3+
33. Nxf3 Ne4 34. Kg1 Bd5 35. Ne5 Rf8 36. Qc1 Qg7 37. Qf4 Bc4 38. Nxc4 bxc4
39. Rg2 h5 40. b3 cxb3 41. axb3 Nxc3 42. Kh1 Bxd4 43. Qf3 Ne4 44. Qxh5 Qg5
45. Qe2 Kg7 46. Qd3 Be5 47. Qd5 Bf6 48. Qd7+ Rf7 49. Qxf5 Qxf5 50. Rxf5 Rd7
51. h4 Rd3 52. Kh2 Rxb3 53. Rf4 Nc3 54. Rg4+ Kf7 55. Rf2 a4 56. Rgf4 Rb6
57. g4 Kg7 58. Kh3 Be5 59. Rf5 Bf6 60. g5 Be7 61. Rf7+ Kg6 62. Rxe7 Nd1 63.
Rf6+ Rxf6 64. gxf6 Kxf6 65. Ra7 1-0

[Event "IX EICC T/B Medals"]
[Site "Plovdiv BUL"]
[Date "2008.05.03"]
[Round "3.1"]
[White "Baklan,V"]
[Black "Movsesian,S"]
[Result "0-1"]
[WhiteElo "2647"]
[BlackElo "2695"]
[EventDate "2008.05.03"]

1. e4 c5 2. Nf3 Nc6 3. Nc3 a6 4. d4 cxd4 5. Nxd4 e6 6. g3 d6 7. Bg2 Nf6 8.
O-O Bd7 9. a4 Be7 10. Nb3 O-O 11. a5 Nb4 12. Be3 Bc6 13. Re1 Rc8 14. Rc1 e5
15. Qd2 Bd7 16. h3 Be6 17. Nd5 Nbxd5 18. exd5 Bf5 19. c4 Qd7 20. g4 Bg6 21.
Qb4 h5 22. g5 Ne4 23. c5 dxc5 24. Nxc5 Nxc5 25. Bxc5 Bxg5 26. Bxf8 Bxc1 27.
Qe7 Bf5 28. Qxd7 Bxd7 29. Bd6 Bxb2 30. Rb1 Rc2 31. Be4 Rd2 32. Bc5 Bd4 33.
Bxd4 Rxd4 34. Rxb7 Rxe4 35. Rxd7 Rd4 36. Rd6 g6 37. Rxa6 Rxd5 38. Ra8+ Kg7
39. a6 Ra5 40. a7 Kf6 41. Kg2 Kf5 42. Kg3 Ra3+ 43. Kg2 Kf4 44. Kg1 e4 0-1

[Event "IX EICC T/B Medals"]
[Site "Plovdiv BUL"]
[Date "2008.05.03"]
[Round "3.2"]
[White "Volkov,Sergey1"]
[Black "Vachier Lagrave,M"]
[Result "1-0"]
[WhiteElo "2633"]
[BlackElo "2632"]
[EventDate "2008.05.03"]

1. d4 Nf6 2. c4 g6 3. Nc3 d5 4. Nf3 Bg7 5. Qb3 dxc4 6. Qxc4 O-O 7. e4 a6 8.
Be2 b5 9. Qb3 c5 10. dxc5 Bb7 11. O-O Qc7 12. h3 Nbd7 13. e5 Nxe5 14. Nxe5
Qxe5 15. Qa3 Rfc8 16. Be3 Ne4 17. Nxe4 Bxe4 18. b4 Qxa1 19. Rxa1 Bxa1 20.
Qc1 Bg7 21. Bh6 Bxh6 22. Qxh6 Bd5 23. a3 Rd8 24. h4 Rac8 25. Qe3 Kf8 26. h5
Ke8 27. Qh6 Kd7 28. Qg5 Bc6 29. Qd2+ Ke8 30. Qh6 gxh5 31. Bxh5 Bd5 32. Qxa6
Bc6 33. Be2 Kf8 34. Bxb5 Be4 35. Qh6+ Kg8 36. Qh4 Bg6 37. Qxe7 Rd1+ 38. Kh2
Rd2 39. Qe3 Rd5 40. f3 Rcd8 41. Bc4 Rd2 42. b5 Rc2 43. Bf1 Rd1 44. b6 Rb1
45. c6 Rxf1 46. b7 Rb1 47. a4 Rbb2 48. Qe8+ Kg7 49. Qe5+ Kh6 50. Qf4+ Kg7
51. Qe5+ f6 52. Qxb2 Rxb2 53. c7 Rxb7 54. c8=Q Ra7 55. Qc6 Bf5 56. a5 Bd3
57. Qd5 Ba6 58. Qc5 Rf7 59. Qb6 Bc4 60. a6 Bd5 61. a7 Ba8 62. Qb8 Rf8 63.
Qb6 Re8 64. Qc7+ Kg6 65. Kg3 Rf8 66. Kf4 Re8 67. g4 Rf8 68. Kg3 Re8 69. f4
Re3+ 70. Kh4 f5 71. Qb6+ 1-0

[Event "IX EICC T/B Medals"]
[Site "Plovdiv BUL"]
[Date "2008.05.03"]
[Round "4.1"]
[White "Volkov,Sergey1"]
[Black "Movsesian,S"]
[Result "0-1"]
[WhiteElo "2633"]
[BlackElo "2695"]
[EventDate "2008.05.03"]

1. d4 Nf6 2. c4 c6 3. Bf4 d5 4. e3 g6 5. Nc3 Bg7 6. Nf3 O-O 7. h3 Bf5 8.
Qb3 Qb6 9. c5 Qxb3 10. axb3 Nbd7 11. b4 a6 12. g4 Be4 13. Be2 Bxf3 14. Bxf3
e5 15. dxe5 Ne8 16. O-O-O Nxe5 17. Bg2 Nc7 18. Bg3 Nb5 19. e4 dxe4 20. Bxe4
Nc4 21. Rd3 Rfe8 22. f3 Rad8 23. Nxb5 axb5 24. b3 Bh6+ 25. Kb1 Nd2+ 26. Kc2
Ra8 27. Re1 Ra2+ 28. Kd1 Nxb3 29. Bxc6 Ra1+ 30. Kc2 Rexe1 31. Bxe1 Rxe1 32.
Bxb7 Na1+ 33. Kb2 Bg7+ 34. Ka2 Re2+ 35. Kb1 Re1+ 36. Ka2 Re2+ 37. Kb1 Rb2+
38. Kc1 Nb3+ 39. Kd1 Rb1+ 40. Kc2 Rb2+ 41. Kd1 Nd4 42. c6 Rb1+ 43. Kd2 Bh6+
44. Kc3 Nxc6 45. Rd7 Bg7+ 46. Kc2 Rxb4 0-1

[Event "IX EICC T/B WChQual"]
[Site "Plovdiv BUL"]
[Date "2008.05.03"]
[Round "1.1"]
[White "Vajda,L"]
[Black "Papaioannou,I"]
[Result "1-0"]
[WhiteElo "2582"]
[BlackElo "2566"]
[EventDate "2008.05.03"]

1. e4 d5 2. exd5 Qxd5 3. Nc3 Qa5 4. d4 Nf6 5. Bc4 Bg4 6. Nge2 e6 7. O-O
Nbd7 8. f3 Bf5 9. Ng3 Bg6 10. Nce4 Be7 11. c3 c6 12. Qe2 O-O 13. a4 Qc7 14.
a5 c5 15. dxc5 Nxe4 16. Nxe4 Nxc5 17. Nxc5 Bxc5+ 18. Kh1 Rac8 19. b3 Bd6
20. Be3 Bxh2 21. f4 Bg3 22. Qg4 Rfd8 23. Qxg3 Bd3 24. Bd4 Rxd4 25. cxd4
Bxf1 26. Rxf1 Qxa5 27. f5 exf5 28. Qd6 Rf8 29. Qd7 g6 30. Qxb7 Qd2 31. Qxa7
Qh6+ 32. Kg1 Qe3+ 33. Rf2 h5 34. Qa2 Qxd4 35. Qd2 Qf6 36. Qe3 Ra8 37. Rf1
Ra5 38. b4 Re5 39. Qd4 Qe7 40. Bd5 Re2 41. b5 h4 42. b6 h3 43. b7 Qc7 44.
Rb1 Qb8 45. Qc5 Kh7 46. Qc4 Qa7+ 47. Kh1 Re8 48. Bc6 Rf8 49. Qb4 Rb8 50.
Qb6 Qa2 51. Qb3 hxg2+ 52. Bxg2 Qf2 53. Qxf7+ Kh6 54. Qc7 Qa7 55. Rb3 Re8
56. Rh3+ Kg5 57. Rg3+ Kh6 1-0

[Event "IX EICC T/B WChQual"]
[Site "Plovdiv BUL"]
[Date "2008.05.03"]
[Round "1.1"]
[White "Khalifman,A"]
[Black "Roiz,M"]
[Result "1/2-1/2"]
[WhiteElo "2628"]
[BlackElo "2659"]
[EventDate "2008.05.03"]

1. e4 c6 2. d4 d5 3. Nc3 dxe4 4. Nxe4 Bf5 5. Ng3 Bg6 6. h4 h6 7. h5 Bh7 8.
Nf3 e6 9. Bd3 Bxd3 10. Qxd3 Nd7 11. Bd2 Ngf6 12. O-O-O 1/2-1/2

[Event "IX EICC T/B WChQual"]
[Site "Plovdiv BUL"]
[Date "2008.05.03"]
[Round "1.1"]
[White "Mamedov,Rau"]
[Black "Andreikin,D"]
[Result "1/2-1/2"]
[WhiteElo "2617"]
[BlackElo "2580"]
[EventDate "2008.05.03"]

1. d4 Nf6 2. c4 d6 3. Nf3 Nbd7 4. g3 g6 5. Bg2 Bg7 6. O-O O-O 7. Nc3 e5 8.
e4 a6 9. Re1 Re8 10. h3 c6 11. Bg5 h6 12. Be3 b5 13. b3 Qa5 14. Qc2 Bb7 15.
dxe5 dxe5 16. a3 bxc4 17. bxc4 Nc5 18. Nd2 Ne6 19. Nb3 Qc7 20. Na4 Nd7 21.
c5 Nd4 22. Qc3 Nb5 23. Qa5 Rad8 24. Qxc7 Nxc7 25. Na5 Ba8 26. Nb6 Bf8 27.
Rec1 Ne6 28. Nxd7 Rxd7 29. Rab1 Rd3 30. Bf1 Rxa3 31. Nc4 Ra4 32. Nxe5 Rxe4
33. Nd7 Be7 34. Bg2 Ra4 35. Nb6 Ra5 36. Nxa8 Rxa8 37. Bxc6 Rd8 38. Ra1 Rxa1
39. Rxa1 Bxc5 40. Rxa6 Bxe3 41. fxe3 Rd2 42. h4 Kg7 43. Ra7 Rd8 44. e4 Nd4
45. Bd5 Nf3+ 46. Kf2 Ne5 47. Ke3 Rd6 48. Rc7 Kf6 49. Rb7 Ra6 50. Rb3 Ng4+
51. Kf4 Ne5 52. Ke3 g5 53. h5 Ng4+ 54. Kf3 Ne5+ 55. Ke3 Ra7 56. Kd4 Re7 57.
Kc5 Rc7+ 58. Kd4 Re7 59. Ra3 Kg7 60. Ke3 Ng4+ 61. Kf3 Nf6 62. g4 Rc7 63.
Rd3 Nd7 64. Kg3 Ne5 65. Rb3 Rc1 66. Rb7 Rg1+ 67. Kh3 Rf1 68. Kg3 Rf4 69.
Kh3 Nxg4 70. Bxf7 Rxf7 71. Rxf7+ Kxf7 72. Kxg4 Ke6 73. Kf3 Ke5 74. Ke3 g4
75. Kf2 Kf4 76. e5 Kxe5 77. Kg3 Kf5 78. Kh4 Kf4 1/2-1/2

[Event "IX EICC T/B WChQual"]
[Site "Plovdiv BUL"]
[Date "2008.05.03"]
[Round "1.1"]
[White "Areshchenko,A"]
[Black "Gustafsson,J"]
[Result "1-0"]
[WhiteElo "2650"]
[BlackElo "2603"]
[EventDate "2008.05.03"]

1. e4 e5 2. Nf3 Nc6 3. Bb5 a6 4. Ba4 Nf6 5. O-O Be7 6. d3 b5 7. Bb3 d6 8.
a4 Bd7 9. Bd2 b4 10. c3 O-O 11. h3 Rb8 12. Bc4 Qc8 13. a5 Be6 14. Re1 h6
15. Ra4 Bxc4 16. dxc4 bxc3 17. Bxc3 Nd8 18. b4 Ne6 19. Nbd2 c5 20. b5 axb5
21. cxb5 Rxb5 22. a6 Qc6 23. Qa1 Ra8 24. a7 Bd8 25. Nc4 Bc7 26. Ra6 Qb7 27.
Nfd2 Nd4 28. Qa4 Nd7 29. Qa2 Nb6 30. Nxb6 Rxb6 31. Ra4 Nb5 32. Ba5 Qxa7 33.
Qc4 Ra6 34. Qxb5 Rxa5 35. Rxa5 Qxa5 36. Qd3 c4 37. Qc2 Bb6 38. Rc1 Bd4 39.
Nxc4 Qc5 40. Qe2 Ra1 41. Rxa1 Bxa1 42. Ne3 Bd4 43. Nf5 Qc1+ 44. Kh2 Qf4+
45. Kg1 Bc5 46. g3 Qc1+ 47. Kg2 g6 48. Ne7+ Kf8 49. Nd5 Kg7 50. h4 h5 51.
Qf3 f5 52. exf5 gxf5 53. Qxf5 Qh6 54. Qd7+ Kh8 55. Qe8+ Kg7 56. Qe7+ Kh8
57. Nf6 d5 58. Qxe5 Bd6 59. Qxd6 1-0

[Event "IX EICC T/B WChQual"]
[Site "Plovdiv BUL"]
[Date "2008.05.03"]
[Round "1.1"]
[White "Galkin,A"]
[Black "Fressinet,L"]
[Result "0-1"]
[WhiteElo "2606"]
[BlackElo "2656"]
[EventDate "2008.05.03"]

1. e4 e5 2. Nf3 Nc6 3. Bb5 a6 4. Ba4 Nf6 5. O-O Be7 6. Re1 b5 7. Bb3 O-O 8.
c3 d6 9. h3 Nd7 10. d4 Nb6 11. Nbd2 Bf6 12. Nf1 Re8 13. N1h2 exd4 14. cxd4
Na5 15. Bc2 c5 16. d5 g6 17. Ng4 Bxg4 18. hxg4 Nac4 19. Rb1 Ne5 20. Nxe5
Bxe5 21. g3 Bd4 22. Kg2 Qf6 23. f4 Ra7 24. g5 Qg7 25. f5 f6 26. fxg6 hxg6
27. b4 Nc4 28. Bb3 Ne5 29. bxc5 Bxc5 30. gxf6 Qxf6 31. Rf1 Qg7 32. Bb2 Rf7
33. Qd2 Ref8 34. Rf4 g5 35. Bxe5 Qxe5 36. Rxf7 Rxf7 37. Re1 Rf2+ 38. Qxf2
Bxf2 39. Kxf2 a5 40. Bd1 Qb2+ 41. Kf1 Qe5 42. Kg2 a4 43. Re2 Kf8 44. Kf3
Ke7 45. Rc2 Qd4 46. Be2 b4 47. Rc7+ Kd8 48. Rb7 b3 49. axb3 a3 50. Rb8+ Kc7
51. Ra8 Qb2 52. e5 dxe5 53. Ra6 Qc3+ 54. Kg2 Qd2 55. d6+ Qxd6 0-1

[Event "IX EICC T/B WChQual"]
[Site "Plovdiv BUL"]
[Date "2008.05.03"]
[Round "1.2"]
[White "Markowski,T"]
[Black "Efimenko,Z"]
[Result "0-1"]
[WhiteElo "2598"]
[BlackElo "2660"]
[EventDate "2008.05.03"]

1. g3 Nf6 2. Bg2 g6 3. c4 Bg7 4. Nc3 O-O 5. d4 d6 6. Nf3 c6 7. O-O Bf5 8.
b3 Qc8 9. Bb2 Bh3 10. Rc1 Bxg2 11. Kxg2 a5 12. e4 Na6 13. Qe2 Nc7 14. Rfd1
Ne6 15. d5 Nc5 16. Ba3 Nfd7 17. Ne1 Re8 18. Nd3 Na6 19. Qf3 c5 20. Bb2 Nb4
21. a4 e5 22. Nb5 Bf8 23. Ne1 Be7 24. Nc2 Rf8 25. Ne3 Nb8 26. Qg4 Nd7 27.
Nf5 Qd8 28. Ne3 Nf6 29. Qf3 Qd7 30. Bc3 Na2 31. Rc2 Nxc3 32. Rxc3 Kh8 33.
Rcc1 Ne8 34. Qg4 f5 35. Qh3 Nf6 36. Nc3 Ng4 37. exf5 gxf5 38. Qh5 Rg8 39.
Nxg4 fxg4 40. Ne4 Raf8 41. Qh6 Qf5 42. Qe3 Qh5 43. Qe2 Rg6 44. Kg1 Rh6 45.
f4 gxf3 46. Qf2 Qg4 47. Re1 Rf4 48. Qc2 Bh4 49. Nf2 Qg7 50. Kf1 Bxg3 51.
hxg3 Qxg3 0-1

[Event "IX EICC T/B WChQual"]
[Site "Plovdiv BUL"]
[Date "2008.05.03"]
[Round "1.2"]
[White "Papaioannou,I"]
[Black "Vajda,L"]
[Result "1-0"]
[WhiteElo "2566"]
[BlackElo "2582"]
[EventDate "2008.05.03"]

1. d4 Nf6 2. c4 c5 3. Nf3 cxd4 4. Nxd4 e6 5. g3 d5 6. Bg2 e5 7. Nf3 d4 8.
O-O Nc6 9. e3 Bc5 10. exd4 exd4 11. Nbd2 O-O 12. Nb3 Qb6 13. Bg5 Ne4 14.
Bf4 Re8 15. Nxc5 Qxc5 16. Qb3 g5 17. Nd2 f5 18. Nxe4 fxe4 19. Bd2 h6 20.
Qb5 Qxb5 21. cxb5 Nd8 22. Rfe1 Bf5 23. g4 Bg6 24. Rac1 Nf7 25. Rc7 Ne5 26.
Rxb7 Nd3 27. Rd1 Rab8 28. Rxa7 Rxb5 29. b4 Rbe5 30. Ra6 Bf7 31. Rd6 Bd5 32.
Bf1 Kf8 33. Rxh6 Nb2 34. Rc1 Nd3 35. Rc7 R8e7 36. Rh8+ Kg7 37. Rxe7+ Rxe7
38. Rh5 Bxa2 39. Rxg5+ Kf7 40. Rf5+ Ke8 41. Ra5 Bc4 42. Ra8+ Kf7 43. Rc8
Bb5 44. Bg5 Re5 45. h4 e3 46. fxe3 dxe3 47. Rc7+ Ke6 48. Re7+ Kd5 49. Rxe5+
Kxe5 50. Bxe3 Ke4 51. Bd2 Bd7 52. Bxd3+ Kxd3 53. g5 Be8 1-0

[Event "IX EICC T/B WChQual"]
[Site "Plovdiv BUL"]
[Date "2008.05.03"]
[Round "1.2"]
[White "Roiz,M"]
[Black "Khalifman,A"]
[Result "1/2-1/2"]
[WhiteElo "2659"]
[BlackElo "2628"]
[EventDate "2008.05.03"]

1. Nf3 Nf6 2. g3 b5 3. Bg2 Bb7 4. O-O c5 5. d3 e6 6. e4 d6 7. Na3 a6 8. c4
bxc4 9. Nxc4 Be7 10. Bd2 Nbd7 11. Na5 Rb8 12. Nxb7 Rxb7 13. Bc3 O-O 14. Re1
Rb8 15. d4 Qc7 16. Rc1 Rfe8 17. b3 Qa7 18. dxc5 dxc5 19. Nd2 Nb6 20. Qe2
Nfd7 21. Red1 Bf8 22. Bf1 Ra8 23. Bb2 Nb8 24. Nf3 Nc6 25. Ne5 Nxe5 26. Bxe5
Nd7 27. Bb2 Nb8 28. Bg2 Nc6 29. e5 Rac8 30. Rc4 Qb6 31. Bxc6 Qxc6 32. Qe4
Qb5 33. Bc1 Rcd8 34. Rd3 Rxd3 35. Qxd3 Be7 36. Qf3 Rd8 37. Kg2 Bf8 38. Be3
Rd5 39. Qe4 1/2-1/2

[Event "IX EICC T/B WChQual"]
[Site "Plovdiv BUL"]
[Date "2008.05.03"]
[Round "1.2"]
[White "Andreikin,D"]
[Black "Mamedov,Rau"]
[Result "1/2-1/2"]
[WhiteElo "2580"]
[BlackElo "2617"]
[EventDate "2008.05.03"]

1. Nf3 d6 2. d4 g6 3. e4 Bg7 4. Nc3 Nf6 5. h3 O-O 6. a4 c6 7. a5 Qc7 8. Bf4
Nbd7 9. Bh2 e5 10. dxe5 dxe5 11. Bc4 Nh5 12. O-O Nf4 13. Qd2 Nc5 14. Rfd1
Be6 15. Bxe6 Ncxe6 16. Qd7 Rad8 17. Qxc7 Nxc7 18. Kf1 Na6 19. Rxd8 Rxd8 20.
Rd1 Rxd1+ 21. Nxd1 Nc5 22. Nd2 Nfe6 23. b4 Na6 24. c3 f6 25. Nc4 Bf8 26. f3
Nac7 27. Ndb2 Nb5 28. Na4 c5 29. bxc5 Nxc5 30. Ncb2 Nb3 31. Nc4 Nc5 32.
Ncb2 Nb3 33. Nc4 Nc5 1/2-1/2

[Event "IX EICC T/B WChQual"]
[Site "Plovdiv BUL"]
[Date "2008.05.03"]
[Round "1.2"]
[White "Khismatullin,D"]
[Black "Smirin,I"]
[Result "1-0"]
[WhiteElo "2584"]
[BlackElo "2630"]
[EventDate "2008.05.03"]

1. c4 Nf6 2. Nc3 g6 3. g3 Bg7 4. Bg2 O-O 5. d4 d6 6. Nf3 Nc6 7. O-O Bf5 8.
Ne1 Na5 9. e4 Bg4 10. f3 Bd7 11. Qe2 e5 12. dxe5 dxe5 13. Nc2 c5 14. Nd5
Nxd5 15. cxd5 b6 16. Bd2 Nb7 17. b4 Rc8 18. Rfc1 Re8 19. Ne3 Bf8 20. a3 b5
21. f4 a5 22. fxe5 Rxe5 23. Bc3 Re8 24. bxa5 Nxa5 25. Rf1 b4 26. Bf6 Qb6
27. Qf2 c4 28. axb4 Nb3 29. Bc3 f5 30. Rae1 Bxb4 31. Bxb4 Qxb4 32. exf5
gxf5 33. Nxf5 Bxf5 34. Rxe8+ Rxe8 35. Qxf5 Re1 36. Qf7+ Kh8 37. Qf6+ Kg8
38. d6 Qc5+ 39. Kh1 Rxf1+ 40. Qxf1 Qd4 41. d7 Nd2 42. Qf5 Qa1+ 43. Bf1 Qa8+
44. Bg2 Qa1+ 45. Bf1 Qa8+ 46. Kg1 Qa7+ 47. Kg2 Qa8+ 48. Kh3 Nxf1 49. Qg5+
Kf7 50. d8=Q 1-0

[Event "IX EICC T/B WChQual"]
[Site "Plovdiv BUL"]
[Date "2008.05.03"]
[Round "1.2"]
[White "Lupulescu,C"]
[Black "Bologan,V"]
[Result "0-1"]
[WhiteElo "2558"]
[BlackElo "2665"]
[EventDate "2008.05.03"]

1. e4 c5 2. Nf3 Nc6 3. d4 cxd4 4. Nxd4 e6 5. Nb5 d6 6. c4 Nf6 7. N1c3 a6 8.
Na3 Be7 9. Be2 O-O 10. O-O b6 11. Be3 Bb7 12. f3 Ne5 13. Qd4 Ned7 14. Qd2
Re8 15. Kh1 Qc7 16. Rac1 Rac8 17. Rfd1 Qb8 18. Bf1 Bd8 19. Bg1 Bc7 20. Rb1
h6 21. b4 Qa8 22. Nc2 Rcd8 23. Nd4 d5 24. exd5 exd5 25. cxd5 Ne5 26. b5
Nxd5 27. bxa6 Bxa6 28. Nxd5 Rxd5 29. Bxa6 Qxa6 30. Qc2 Rc5 31. Qb3 Ra5 32.
Nb5 Bb8 33. a3 Ra4 34. Rd4 Rxd4 35. Bxd4 Ng6 36. Bg1 Nf4 37. Nd4 Bc7 38.
Qb5 Qa8 39. Qc6 Qxc6 40. Nxc6 Re2 41. g3 Nd5 42. Nd4 Ra2 43. Nb5 Be5 44.
Rd1 Nf6 45. Bxb6 h5 46. Bd4 Bxd4 47. Rxd4 g5 48. h3 Rf2 49. Rd3 Kg7 50. Kg1
Ra2 51. Nc7 h4 52. g4 Rc2 53. Nd5 Nd7 54. f4 gxf4 55. Nxf4 Ne5 56. Re3 Kf6
57. Nd5+ Ke6 58. Nb4 Rc1+ 59. Kg2 f6 60. Nd3 Rc2+ 61. Kg1 Kd6 62. Nxe5 fxe5
63. g5 Kd5 64. a4 e4 65. Ra3 Kd4 66. Kf1 e3 67. a5 Ke4 68. Ke1 Kf3 69. Kd1
Rd2+ 70. Ke1 Rh2 71. Kd1 Rd2+ 72. Ke1 Rg2 73. Kd1 Rg1+ 74. Kc2 Kf2 75. Ra2
e2 76. Kd3 Rg3+ 77. Ke4 Rxg5 78. Kd3 Rg3+ 79. Ke4 Kf1 0-1